000 00608nam a2200205Ia 4500
001 44069
005 20240114003614.0
007 ta
008 090219s a g b000 u 903 u
040 _aCotton college,Assam
041 _a903
082 _a331.06
_bUn 3 Fi
100 _aLabour enquiry comittee, .
245 0 _aFirst report of the united provinces : labour enquiry comittee 1946-48 /
_cLabour enquiry comittee.
_hTextual Documents
300 _a526p. :
_bThoroghly illustrated ;
_c28 cm. .
653 _aT/G-Economics
942 _2ddc
_cBK
999 _c44035
_d44035